| 000 | 00711nam a2200229 a 4500 | ||
|---|---|---|---|
| 001 | BRCA_6430 | ||
| 005 | 20190320205441.0 | ||
| 008 | 210911s1822----gw-#######---#000-0#ger-# | ||
| 041 | _ager | ||
| 044 | _agw | ||
| 050 | 4 |
_aPQ2226 _b.A5 P36 |
|
| 100 | 1 |
_aDumas, Alejandro _d1802-1870 _qDumas, Alexandre _914449 |
|
| 245 | 1 | 0 |
_aDer Graf von Monte Christo _cAlexandre Dumas; neu bearbeitet von Max Pannwitz ; mit illustrationen von Fritz Bergen. |
| 260 |
_aStuttgart _bFranckh´sche _c[1822] |
||
| 300 |
_a4 tomos en 2 volúmenes _bil. _c16 cm. |
||
| 500 | _aL14 | ||
| 650 | 1 | 4 |
_aLiteratura francesa _916060 |
| 700 | 1 |
_aPannwitz, Max _916061 |
|
| 700 | 1 |
_aBergen, Fritz _916062 |
|
| 902 | _aGFM | ||
| 942 |
_2lcc _cB |
||
| 999 |
_c6114 _d6114 |
||